000 00588nam a2200205Ia 4500
003 GCL
008 140319s9999 xx 000 0 ara d
040 _aGCL /
_cGCL
082 0 4 _aط
_b813.087
_bر غ
100 1 _aراجى عنايت
245 1 0 _aالغزال الشارد /
_cراجى عنايت
700 1 _aبهجت عثمان
300 _a25 ص
490 _aالهيئة العامة للاستعلامات
_v0
650 0 4 _aالاطفال
650 0 4 _aقصص الاطفال
650 0 4 _aادب الاطفال
650 0 4 _aقصص المغامرات
942 _2ddc
_cBK
999 _c51377
_d51377